| 000 | 00786nam a2200169 a 4500 | ||
|---|---|---|---|
| 008 | 130905s2010 ||||||||||||||||| || u | ||
| 050 | _aUN-ECA(02)2010/2 | ||
| 110 | _aUnited Nations Economic Commission For Africa(UNECA) | ||
| 245 | 1 | 4 |
_aThe mutual review of development effectiveness in Africa: promise and performance. _cby United Nations Economic Commission for Africa |
| 260 |
_aAddis Ababa _bUNITED NATIONS ECONOMIC COMMISSION FOR AFRICA(UNECA) _c2010 |
||
| 300 | _a83p.: ill. | ||
| 500 | _aBibliography | ||
| 650 | _aDEVELOPMENT EFFECTIVENESS--AFRICA | ||
| 650 | _aDEVELOPMENT EFFECTIVENESS | ||
| 650 | 0 | _aAFRICA--ECONOMIC CONDITIONS | |
| 995 |
_FCBU-MAIN LIBRARY (Kitwe) _M1 _UAVAILABLE _WSep 11, 2013 _ZInternational Publications |
||
| 999 |
_c51843 _d51843 |
||